Регионална библиотека "Любен Каравелов" - Русе

Мара, хубавата българка или Софийските потайности (Запис номер 389960)

MARC детайли
000 -Лидер
Контролно поле с фиксирана дължина nam a22 a 4500
003 - Код на организацията, давaща контролен номер
Контролно поле BLK
005 - Дата и час на последна редакция
Контролно поле 20201012084715.0
008 - Елементи от данни с фиксирана дължина
fixed length control field 180410b bul|||||r ||||||| ||bul||
010 ## - Наследен системен номер
LC control number KNG00156516000
040 ## - Източник на каталожния запис
Идентификатор на билиотеката - собственик на записа BLK
041 ## - Код за език
Код за езика на текст/звукозапис или на отделно заглавие Български
Код за езика КДБФ Български
080 ## - УДК
Текстов определител УДК Немска литература
УДК код - определител по УДК 821.112.2
УДК определител -31
УДК - код + определител 821.112.2-31
100 1# - Редна дума - Автор
Автор Ретклиф, Джон
Авторска отговорност първи автор
Автор - информация (биография) Гьодше, Херман
R(LIN) 115960
139 ## - Редно поле
Редна дума Ретклиф, Джон
Авторски знак Реп - Р 53
245 10 - Сведения за заглавието
Заглавие Мара, хубавата българка или Софийските потайности
Подзаглавни данни Роман : Кн. 1 -
Редно поле (дума) Джон Ретклиф ; прев. Драгутин Карл Валтер
Том Кн. 2
257 ## - Страна на издаване
Страна на създаване/издаване Германия
260 ## - Област на издателските данни
Година на издаване 1889
9 (RLIN) 220749
Място на издаване, разпространение и проч. Русе
Име на издателя, разпространителя и проч. Д. Яков
Печатница Русе : Ст. Ив. Роглев
300 ## - Физическа характеристика
Размери/Мащаб 25 см
380 ## - Жанр
Жанр Худож. лит.
490 ## - СЕРИИ (Колекции)
9 (RLIN) 435080
Име на серия Колекция Редки и ценни издания
500 ## - Общи забележки
Забележка Джон Ратклиф - псевд. на Херман Гьодше<br/>Кн. изд. в 40 брош. От брош. N 21 авт. означен Ретлаф<br/>Вероятна г. на изд. между 1889-1899
700 1# - Други автори (авторска отговорност)
Лично име Валтер, Драгутин Карл
Автороска отговорност (Описва отношението между автора и произведението) прев. от нем.
9 (RLIN) 380133
760 1# - Описание на основната серия
Редна дума на основното описание Ретклиф, Джон
Страници - том 961 - 1930 с.
Заглавие Кн. 2
852 ## - Местоположение
Форматна сигнатура Рб 889
Фондова буква Редки и ценни
999 ## - СИСТЕМНИ КОНТРОЛНИ НОМЕРА
Koha biblionumber 389960
Koha biblioitemnumber 389960
942 ## - АРТИКУЛИ
Вид на библиотечния материал Книги
Скрит в OPAC Не
Koha issues (borrowed), all copies 3
Периодичен библиозапис Да
944 ## - СЪЗДАВАНЕ И РЕДАКЦИЯ на ЗАПИСА
Създаване/Редакция Създаване
Дата на регистрацията/редакция 2020-10-12
Служител, извършил регистрацията/редакцията ВЙ
999 ## - СИСТЕМНИ КОНТРОЛНИ НОМЕРА
Koha biblioitemnumber 389959
Наличности
Код за отписване Код за изгубен артикул Източник на класификационната схема Код за повреда Коз за рестрикции Код за отдаване Артикулен № Име на библиотеката - собственик Име на библиотеката, в която се намира в момента Статус (Текущо местоположение) Дата на вписване в системата Местоположение - отдел Цена в лева Инвентарен номер Систематично азбучна сигнатура Баркод Цена в евро Служебен тип на артикула
  Не е изгубен Universal Decimal Classification Не е повреден само за читалня Специални фондове ( старопечатни, редки и ценни, фонд М. Арнаудов) 803458 Регионална библиотека "Любен Каравелов" Русе Регионална библиотека "Любен Каравелов" Русе Редки и ценни 2020-10-15 Редки и ценни 25.00 378640 Рб 889 120000378640 12.78 Книги
  Не е изгубен Universal Decimal Classification Не е повреден само за читалня Специални фондове ( старопечатни, редки и ценни, фонд М. Арнаудов) 803459 Регионална библиотека "Любен Каравелов" Русе Регионална библиотека "Любен Каравелов" Русе Редки и ценни 2020-10-15 Редки и ценни 25.00 378641 Рб 889 120000378641 12.78 Книги
Vip Innovations Ltd, Rousse, Bulgaria 2025